000 00342nam a22001337a 4500
008 230621b xxu||||| |||| 00| 0 eng d
020 _a9291422509
082 _a328.377
_bFRE
100 _cInter-parliamentary union
245 _amaking Reconciliation work: The role of Parliaments
260 _bIPU
_c2005
300 _a23p
942 _2ddc
_cBK
999 _c2129
_d2129